Parliament at work; (Record no. 2241)
[ view plain ]
| 000 -LEADER | |
|---|---|
| fixed length control field | 00855cam a22002651 4500 |
| 001 - CONTROL NUMBER | |
| control field | 4070030 |
| 003 - CONTROL NUMBER IDENTIFIER | |
| control field | OSt |
| 005 - DATE AND TIME OF LATEST TRANSACTION | |
| control field | 20230621145936.0 |
| 008 - FIXED-LENGTH DATA ELEMENTS--GENERAL INFORMATION | |
| fixed length control field | 710514s1962 enk b 000 0 eng |
| 010 ## - LIBRARY OF CONGRESS CONTROL NUMBER | |
| LC control number | 68125553 |
| 040 ## - CATALOGING SOURCE | |
| Original cataloging agency | DLC |
| Transcribing agency | DLC |
| Modifying agency | DLC |
| 050 00 - LIBRARY OF CONGRESS CALL NUMBER | |
| Classification number | |
| Item number | |
| 082 ## - DEWEY DECIMAL CLASSIFICATION NUMBER | |
| Classification number | 328.42 |
| Item number | HAN |
| 100 1# - MAIN ENTRY--PERSONAL NAME | |
| Personal name | Hanson, A. H. |
| Fuller form of name | (Albert Henry) |
| 245 10 - TITLE STATEMENT | |
| Title | Parliament at work; |
| Remainder of title | a case-book of parliamentary procedure, |
| Statement of responsibility, etc. | by A. H. Hanson and H. V. Wiseman. |
| 260 ## - PUBLICATION, DISTRIBUTION, ETC. (IMPRINT) | |
| Place of publication, distribution, etc. | London, |
| Name of publisher, distributor, etc. | Stevens, |
| Date of publication, distribution, etc. | 1962. |
| 300 ## - PHYSICAL DESCRIPTION | |
| Extent | xi, 358 p. |
| Dimensions | 23 cm. |
| 504 ## - BIBLIOGRAPHY, ETC. NOTE | |
| Bibliography, etc | Bibliographical footnotes. |
| 610 10 - SUBJECT ADDED ENTRY--CORPORATE NAME | |
| Corporate name or jurisdiction name as entry element | Great Britain. |
| Subordinate unit | Parliament |
| General subdivision | Rules and practice. |
| 610 10 - SUBJECT ADDED ENTRY--CORPORATE NAME | |
| Corporate name or jurisdiction name as entry element | Great Britain. |
| Subordinate unit | Parliament. |
| 700 1# - ADDED ENTRY--PERSONAL NAME | |
| Personal name | Wiseman, H. Victor |
| Fuller form of name | (Herbert Victor), |
| Relator term | joint author. |
| 906 ## - LOCAL DATA ELEMENT F, LDF (RLIN) | |
| a | 7 |
| b | cbc |
| c | orignew |
| d | u |
| e | ncip |
| f | 19 |
| g | y-gencatlg |
| 942 ## - ADDED ENTRY ELEMENTS (KOHA) | |
| Source of classification or shelving scheme | Dewey Decimal Classification |
| Koha item type | Books |
| Withdrawn status | Lost status | Source of classification or shelving scheme | Damaged status | Not for loan | Home library | Current library | Date acquired | Total Checkouts | Full call number | Barcode | Date last seen | Price effective from | Koha item type |
|---|---|---|---|---|---|---|---|---|---|---|---|---|---|
| Dewey Decimal Classification | County Hall Archives | County Hall Archives | 06/21/2023 | 328.42 HAN | 10001240 | 06/21/2023 | 06/21/2023 | Books | |||||
| Dewey Decimal Classification | County Hall Archives | County Hall Archives | 06/21/2023 | 328.42 HAN | 10000224 | 06/21/2023 | 06/21/2023 | Books |
